| 000 | 00605nam a2200193 4500 | ||
|---|---|---|---|
| 999 |
_c171074 _d171074 |
||
| 005 | 20200203152958.0 | ||
| 010 | _aENG-127270 | ||
| 020 |
_a9788170949572 _c399.00 |
||
| 035 | _aEN-110802 | ||
| 037 | _bDBAD/PUB | ||
| 082 | _a332.60954 | ||
| 100 | _aShanbhag, AN | ||
| 245 |
_aIn the Womderland of investment _cby AN Shanbhag (and) sandeep Shanbhag |
||
| 250 | _a23rd | ||
| 260 |
_aNew Delhi _bVision Books _c2016 |
||
| 270 |
_a24 feroze Gandhi Road Lajpat Nagar 3 _b New Delhi _e110024 _mvisionbook@gmail.com |
||
| 300 |
_aXXiX,313p. _c22cm(PBK) |
||
| 942 |
_2ddc _cEN _h332.60954 _mSHA |
||